000 00651nam a2200253 a 4500
003 AR-BaBNM
005 20251128204211.0
008 082120s2002 ||||||||||||||000 | spa||
020 _a84-7954-010-9
040 _cAR-BaBNM
100 1 _aAlegre Cudós, José Luis
245 0 0 _aComo aprender a escribir creativamente
260 _aMadrid
_bLibertarias/Prodhufi
_c1991
300 _a132 p.
_bil.
490 0 _aEnsayo
_vv. 48
650 4 _aENSEÑANZA DE LA ESCRITURA
650 4 _aCREATIVIDAD
650 4 _aAPRENDIZAJE
650 4 _aIMAGINACION
650 4 _aEXPRESION
650 4 _aPROCESO DE APRENDIZAJE
942 _cBK
998 _cCarmen
999 _c6577
_d6577